Functions of matrices : theory and computation /
Guardado en:
| Autor Principal: | |
|---|---|
| Formato: | Libro |
| Idioma: | English |
| Publicado: |
Philadelphia :
Society for Industrial and Applied Mathematics,
c2008.
|
| Materias: | |
| Acceso en línea: | Contributor biographical information Publisher description |
| Etiquetas: |
Agregar Etiqueta
Sin Etiquetas, Sea el primero en etiquetar este registro!
|
| LEADER | 01563cam a2200289 a 4500 | ||
|---|---|---|---|
| 001 | MAT.inmabb006873 | ||
| 008 | 071207s2008####paua#####b####001#0#eng## | ||
| 005 | 20171201165551.0 | ||
| 245 | 1 | 0 | |a Functions of matrices : |b theory and computation / |c Nicholas J. Higham. |
| 260 | |a Philadelphia : |b Society for Industrial and Applied Mathematics, |c c2008. | ||
| 300 | |a xx, 425 p. : |b il. ; |c 26 cm. | ||
| 504 | |a Incluye referencias bibliográficas (p. 379-413) e índice. | ||
| 505 | 0 | |a 1. Theory of matrix functions -- 2. Applications -- 3. Conditioning -- 4. Techniques for general functions -- 5. Matrix sign function -- 6. Matrix square root -- 7. Matrix pth root -- 8. The polar decomposition -- 9. Schur-Parlett algorithm -- 10. Matrix exponential -- 11. Matrix logarithm -- 12. Matrix cosine and sine -- 13. Function of matrix times vector: f(A)b -- 14. Miscellany. | |
| 510 | 4 | |a MR, |c 2009b:15001 | |
| 020 | |a 9780898716467 (pbk. : alk. paper) | ||
| 020 | |a 0898716462 (pbk. : alk. paper) | ||
| 100 | 1 | |a Higham, Nicholas J., |d 1961- | |
| 650 | 0 | |a Matrices. | |
| 650 | 0 | |a Functions. | |
| 650 | 0 | |a Factorization (Mathematics) | |
| 084 | |a 15-02 (93B40 93C05) |2 msc2010 | ||
| 010 | |a 2007061811 | ||
| 040 | |a DLC |c DLC |d YDX |d YDXCP |d BAKER |d BTCTA |d DLC | ||
| 856 | 4 | 2 | |3 Contributor biographical information |u http://www.loc.gov/catdir/enhancements/fy0834/2007061811-b.html |
| 856 | 4 | 2 | |3 Publisher description |u http://www.loc.gov/catdir/enhancements/fy0834/2007061811-d.html |
| 859 | |h 15 |i H638 |p A-8891 |b BIB. MATEMATICA | ||
| 859 | |h 15 |i H638 |p A-9168 |t Ej. 2 |b BIB. MATEMATICA | ||
